Australian Capitals - Map Quiz - Statistics

General Stats
  • This quiz has been taken 3,709 times
    2,955 since last reset
  • The average score is 7 of 8
Answers on the Map
Answers color-coded by a green-red scale on the quiz's map according to % correct below.
 
Answer Stats
Answer % Correct
Perth
89%
Hobart
85%
Canberra
84%
Darwin
84%
Sydney
84%
Melbourne
81%
Brisbane
80%
Adelaide
78%
No matching quizzes found
Score Distribution
Percent of People with Each Score
Percentile by Number Answered
Your Score History
You have not taken this quiz since the last reset